000 003920000a22001570004500
020 _a0-85151-056-6
041 0 _aENG
082 0 4 _aPR 230 Ber
100 1 _aBerkhof, Luis (1873-1957)
245 1 0 _aSystematic theology / Louis Berkhof
260 _aEdinburgh : The Banner of Truth Trust
300 _a784 Pag
500 _aColección profesor Manuel Reaño
001 12610
942 _cBK
999 _c41633
_d41633